000 00801nmm a2200265 a 4500
001 ocm000660991
003 TR-IsHL
005 20201028142508.0
008 140104s2004 tu tur
007 cr cn
020 _a9789756237076
035 _a660991
_b(N$T)
050 0 4 _aPL248.K37
_bD4 2004
090 0 4 _aPL248.K37
_bD4 2004
100 1 _aKaradağ, Raif
245 1 0 _aDeryaları dize getirenler
_h[electronic resource] /
_cRaif Karadağ
260 _aİstanbul :
_bTruva Yayınları,
_c2004
300 _a640 p.
650 4 _aTarih
650 4 _aHistory
650 0 _aTürk romanı
650 0 _aTurkish fiction
650 7 _aLITERARY COLLECTIONS / Middle Eastern
_2bisacsh
856 4 0 _uhttp://search.ebscohost.com/login.aspx?direct=true&scope=site&db=e011xww&AN=660991
999 _c8384
_d8384